|
|
|
|
| LEADER |
02358nam a2200589 i 4500 |
| 001 |
nkc20223393261 |
| 003 |
CZ PrNK |
| 005 |
20220523121745.0 |
| 007 |
ta |
| 008 |
220127s2021 xr a f 000 0 cze |
| 015 |
|
|
|a cnb003393261
|
| 020 |
|
|
|a 978-80-7427-365-0
|q (brožováno)
|
| 035 |
|
|
|a (OCoLC)1329408987
|
| 040 |
|
|
|a BOA001
|b cze
|d ABA001
|e rda
|
| 041 |
0 |
|
|a cze
|b cze
|b eng
|
| 072 |
|
7 |
|a 631
|x Zemědělství. Pedologie. Agrotechnika. Agroekologie
|2 Konspekt
|9 24
|
| 080 |
|
|
|a 628.4.042
|2 MRF
|
| 080 |
|
|
|a 628.3/.5
|2 MRF
|
| 080 |
|
|
|a 631.878:662.712
|2 MRF
|
| 080 |
|
|
|a 631.8
|2 MRF
|
| 080 |
|
|
|a (083.744)
|2 MRF
|
| 100 |
1 |
|
|a Usťak, Sergej,
|d 1960-
|7 mzk2004258404
|4 aut
|
| 245 |
1 |
0 |
|a Možnosti využití hnojivých substrátů na bázi biouhlu z kombinované hydrotermochemické úpravy kontaminovaných bioodpadů :
|b metodika pro praxi /
|c Sergej Usťak, Jakub Muňoz, Vojtěch Váňa
|
| 264 |
|
1 |
|a Praha :
|b Výzkumný ústav rostlinné výroby, v.v.i.,
|c 2021
|
| 300 |
|
|
|a 36 stran :
|b ilustrace (některé barevné) ;
|c 21 cm
|
| 336 |
|
|
|a text
|b txt
|2 rdacontent
|
| 337 |
|
|
|a bez média
|b n
|2 rdamedia
|
| 338 |
|
|
|a svazek
|b nc
|2 rdacarrier
|
| 490 |
1 |
|
|a Metodika pro praxi
|
| 500 |
|
|
|a Vydáno ve spolupráci s EnviBio - sdružení pro rozvoj technologií trvale udržitelného života
|
| 500 |
|
|
|a 250 výtisků
|
| 504 |
|
|
|a Obsahuje bibliografie
|
| 546 |
|
|
|a České a anglické resumé
|
| 650 |
0 |
7 |
|a biologicky rozložitelný odpad
|7 ph139002
|2 czenas
|
| 650 |
0 |
7 |
|a zpracování odpadu
|7 ph137731
|2 czenas
|
| 650 |
0 |
7 |
|a biouhel
|7 ph1065300
|2 czenas
|
| 650 |
0 |
7 |
|a hnojiva
|7 ph114683
|2 czenas
|
| 650 |
0 |
9 |
|a biodegradable waste
|2 eczenas
|
| 650 |
0 |
9 |
|a waste processing
|2 eczenas
|
| 650 |
0 |
9 |
|a biochar
|2 eczenas
|
| 650 |
0 |
9 |
|a fertilizers
|2 eczenas
|
| 655 |
|
7 |
|a certifikované metodiky
|7 fd806827
|2 czenas
|
| 655 |
|
9 |
|a certified methodology
|2 eczenas
|
| 700 |
1 |
|
|a Muňoz Jans, Jaime Osvaldo
|7 xx0030069
|4 aut
|
| 700 |
1 |
|
|a Váňa, Vojtěch,
|d 1973-
|7 jo2013747538
|4 aut
|
| 810 |
2 |
|
|a Výzkumný ústav rostlinné výroby.
|t Metodika
|0 s
|
| 910 |
2 |
|
|a BOA001
|b 2-1484.527
|
| 928 |
9 |
|
|a EnviBio - sdružení pro rozvoj technologií trvale udržitelného života
|
| 990 |
|
|
|a BK
|
| 995 |
|
|
|a 01
|
| 991 |
|
|
|b 202205
|c NOV
|
| 996 |
6 |
|
|b 2610900225
|c 2-1484.527
|l MZK
|r Sklad / do 1 hodiny
|n 0
|p p.v.
|w 001883958
|u 000010
|a 1
|e BOA001
|j MZK50
|s P
|